|
|
|
|
| LEADER |
00000naa0a2200000 4500 |
| 001 |
638973 |
| 005 |
20250211105855.0 |
| 035 |
|
|
|a (RuTPU)RU\TPU\network\3370
|
| 035 |
|
|
|a RU\TPU\network\47
|
| 090 |
|
|
|a 638973
|
| 100 |
|
|
|a 20150217d2012 k||y0rusy50 ca
|
| 101 |
0 |
|
|a rus
|
| 102 |
|
|
|a RU
|
| 135 |
|
|
|a drcn ---uucaa
|
| 181 |
|
0 |
|a i
|
| 182 |
|
0 |
|a b
|
| 200 |
1 |
|
|a Влияние неоднородного постоянного магнитного поля на микроструктуру продуктов сгорания НП Al в воздухе
|f А. В. Мостовщиков
|
| 203 |
|
|
|a Текст
|c электронный
|
| 300 |
|
|
|a Заглавие с экрана
|
| 320 |
|
|
|a [Библиогр.: с. 39 (5 назв.)]
|
| 463 |
|
|
|t Ультрадисперсные порошки, наноструктуры, материалы: получение, свойства, применение. VI Ставеровские чтения
|o Труды Всероссийской научно-технической конференции с международным участием, посвященной 30-летию открытия наноалмазов, Бийск - наукоград, Горный Алтай, п. Усть-Сема, 9-12 сентября 2012 года
|f Сибирский федеральный университет (СФУ)
|v [С. 38-39]
|d 2012
|
| 610 |
1 |
|
|a электронный ресурс
|
| 610 |
1 |
|
|a труды учёных ТПУ
|
| 610 |
1 |
|
|a неоднородные магнитные поля
|
| 610 |
1 |
|
|a микроструктуры
|
| 610 |
1 |
|
|a продукты сгорания
|
| 700 |
|
1 |
|a Мостовщиков
|b А. В.
|c химик
|c старший научный сотрудник, профессор Томского политехнического университета, доктор технических наук
|f 1989-
|g Андрей Владимирович
|3 (RuTPU)RU\TPU\pers\25492
|9 11429
|
| 712 |
0 |
2 |
|a Национальный исследовательский Томский политехнический университет (ТПУ)
|b Институт физики высоких технологий (ИФВТ)
|b Кафедра общей и неорганической химии (ОНХ)
|3 (RuTPU)RU\TPU\col\18686
|
| 801 |
|
2 |
|a RU
|b 63413507
|c 20150217
|g RCR
|
| 856 |
4 |
|
|u http://conf.sfu-kras.ru/uploads/vi_staverovskie_chteniya.pdf#page=38
|
| 942 |
|
|
|c CF
|